Esos pólenes oscuros (Record no. 115934)

MARC details
000 -LEADER
campo de control de longitud fija 00590nam a2200193 4500
001 - NÚMERO DE CONTROL
campo de control 115934
003 - IDENTIFICADOR DE NÚMERO DE CONTROL
campo de control ES-MaACL
007 - CAMPO FIJO DE DESCRIPCIÓN FÍSICA--INFORMACIÓN GENERAL
campo de control de longitud fija t|
008 - DATOS DE LONGITUD FIJA--INFORMACIÓN GENERAL
campo de control de longitud fija 061121s1980 sp r ||||1| spa d
100 1# - ENTRADA PRINCIPAL--NOMBRE DE PERSONA
Nombre de persona Pancorbo, Luis.
9 (RLIN) 88748
245 10 - MENCIÓN DEL TÍTULO
Título Esos pólenes oscuros
Resto del título : novela /
Mención de responsabilidad, etc. Luis Pancorbo.
250 ## - MENCION DE EDICION
Mención de edición [1ª ed.].
260 ## - PUBLICACIÓN, DISTRIBUCIÓN, ETC.
Lugar de publicación, distribución, etc. Barcelona :
Nombre del editor, distribuidor, etc. Planeta,
Fecha de publicación, distribución, etc. 1980.
300 ## - DESCRIPCIÓN FÍSICA
Extensión 283 p. ;
Dimensiones 19 cm.
490 1# - MENCIÓN DE SERIE
Mención de serie Colección Autores españoles e hispanoamericanos
830 0# - PUNTO DE ACCESO ADICIONAL DE SERIE-TÍTULO UNIFORME
Título uniforme Colección Autores españoles e hispanoamericanos
9 (RLIN) 184325
852 ## - LOCALIZACIÓN
Ubicación ES-MaACL
Número de control de estantería L-6619
Sublocalización o colección R.107312
Holdings
Estatus retirado Estado de pérdida Estado de daño No para préstamo Biblioteca de origen Biblioteca actual Ubicación en estantería Fecha de adquisición Fuente de adquisición Total de préstamos Signatura topográfica completa Código de barras Visto por última vez Precio de reemplazo Tipo de ítem Koha
        Biblioteca del Ateneo de Madrid Biblioteca del Ateneo de Madrid Depósito 2 17/01/2008     L-6619 1120898 23/02/2023 23/02/2023 Libro impreso